| 000 | 00696nam a22002057a 4500 | ||
|---|---|---|---|
| 005 | 20250207104949.0 | ||
| 008 | 250207b ag ||||| |||| 00| 0 spa d | ||
| 050 | 0 | 4 |
_aDS282 _bL36 1966 |
| 100 | 1 | _aLamb, Harold. | |
| 240 | 1 | 0 |
_aCyrus the great. _lEspañol. |
| 245 | 1 | 0 |
_aCiro el grande _c/ Harold Lamb ; traducción del inglés Federico López Cruz. |
| 250 | _a1a ed. | ||
| 260 |
_aBuenos Aires, Argentina : _bEditorial de Ediciones Selectas, _c1966. |
||
| 300 |
_a317 p. : _bil. ; _c20 cm. |
||
| 600 | 1 | 0 |
_aCiro el grande, _d530 B.C. - 529 B.C. _tRey de Persia, |
| 650 | 4 | _aImperio persa | |
| 651 | 7 |
_2lemb _aAsia _xHistoria |
|
| 700 | 1 |
_aLópez Cruz, Federico, _etraductor |
|
| 942 |
_2lcc _cLIB |
||
| 999 |
_c145684 _d145682 |
||